Chasing Lincoln's killer / (Record no. 2824)

MARC details
000 -LEADER
fixed length control field 01113cam a2200289 a 4500
005 - DATE AND TIME OF LATEST TRANSACTION
control field 20240116110551.0
020 ## - INTERNATIONAL STANDARD BOOK NUMBER
International Standard Book Number 9780439903547
020 ## - INTERNATIONAL STANDARD BOOK NUMBER
International Standard Book Number 0439903548
020 ## - INTERNATIONAL STANDARD BOOK NUMBER
International Standard Book Number 9780545220910
040 ## - CATALOGING SOURCE
Original cataloging agency DLC
Transcribing agency DLC
Modifying agency DLC
Language of cataloging eng
050 00 - LIBRARY OF CONGRESS CALL NUMBER
Classification number E457.5.B67
Item number S93 2009
082 00 - DEWEY DECIMAL CLASSIFICATION NUMBER
Classification number 973.7092
-- B
Edition number 22
100 1# - MAIN ENTRY--PERSONAL NAME
Personal name Swanson, James L.
Dates associated with a name 1959-
245 10 - TITLE STATEMENT
Title Chasing Lincoln's killer /
Statement of responsibility, etc. James L. Swanson
250 ## - EDITION STATEMENT
Edition statement First Scholastic paperback printing, January 2010
260 ## - PUBLICATION, DISTRIBUTION, ETC.
Place of publication, distribution, etc. New York :
Name of publisher, distributor, etc. Scholastic Press,
Date of publication, distribution, etc. 2009
300 ## - PHYSICAL DESCRIPTION
Extent 194 pages :
Other physical details illustrations, map ;
Dimensions 20 cm
505 ## - FORMATTED CONTENTS NOTE
Formatted contents note Z
520 ## - SUMMARY, ETC.
Summary, etc. A fast-paced thriller about the pursuit and capture of John Wilkes Booth: a wild twelve-day chase through the streets of Washington, D.C., across the swamps of Maryland, and into the forests of Virginia.
521 ## - TARGET AUDIENCE NOTE
Target audience note 980
Source Lexile
521 ## - TARGET AUDIENCE NOTE
Target audience note Z
Source Raz-Plus
650 #0 - SUBJECT ADDED ENTRY--TOPICAL TERM
Topical term or geographic name entry element Assassins
Geographic subdivision United States
Form subdivision Biography
-- Juvenile literature.
650 #0 - SUBJECT ADDED ENTRY--TOPICAL TERM
Topical term or geographic name entry element Fugitives from justice
Geographic subdivision Washington Region
Form subdivision Biography
-- Juvenile literature.
906 ## - LOCAL DATA ELEMENT F, LDF (RLIN)
a 7
b cbc
c orignew
d 1
e ecip
f 20
g y-gencatlg
942 ## - ADDED ENTRY ELEMENTS (KOHA)
Source of classification or shelving scheme Dewey Decimal Classification
Koha item type Books
Suppress in OPAC No
999 ## -
-- 2824
-- 2824
Holdings
Withdrawn status Lost status Source of classification or shelving scheme Damaged status Not for loan Collection Home library Current library Shelving location Date acquired Total Checkouts Full call number Barcode Date last seen Price effective from Koha item type
    Dewey Decimal Classification     Non-Fiction Footprints International School Library Network Toul Kork Campus Footprints International School Library Network Toul Kork Campus TTP Secondary Non-Fiction Bookshelves 01/16/2024   SWA 973.7092 E457.5.B67 FISSE01243 01/16/2024 01/16/2024 Books